І мертві залишають тіні (Запис № 286431)

МАРК-запис
000 -Лідер
fixed length control field 00654nam a22002297a 4500
001 - Контрольний номер
control field 266
003 - Ідентифікатор контрольного номера
control field UA-OsUOA
005 - Дата та час останнього входження (трансакції)
control field 20200126202121.0
007 - Фіксоване поле фізичного опису
fixed length control field ta
008 - Елементи даних фіксованої довжини – загальна інформація
fixed length control field 20050525b un ||||| |||| 00| 0 ukr d
040 ## - Джерело каталогізації
Агенція оригінальної каталогізації UA-OsUOA
Мова каталогізації ukr
Агенція, яка здійснювала перезапис UA-OsUOA
Агенція, яка здійснювала модифікацію UA-OsUOA
041 ## - Код мови
Код мови тексту/ звукової доріжки чи окремого заголовка (П) ukr
080 ## - Індекс Універсальної десяткової класифікації
Індекс Універсальної десяткової класифікації (УДК) (НП) 821.112.2
090 ## - Локальний шифр розміщення
Класифікаційний індекс УДК 821.112.2
Авторський знак (НП) В26
100 ## - Основне введення – ім’я особи
Ім’я особи (НП) Вебер К. Г.
245 ## - Відомості про назву
Назва (НП) І мертві залишають тіні
Решта назви (НП) роман
Дані про відповідальність (НП) пер.з нім. В. С. Ревухин
260 ## - Публікація, розповсюдження і т.п. (Вихідні дані)
Місце публікації, розповсюдження і т.п. (П) К.
Ім’я/ наймення видавництва, розповсюджувача і т.п. (П) Молодь
Дата публікації, розповсюдження і т.п. (П) 1987
300 ## - Фізичний опис
Обсяг 232 с.
650 #7 - Додаткове предметне введення – тематичний термін
Тематичний термін чи географічна назва, як елемент введення (НП) 82 Література. Літературознавство
Джерело заголовка чи терміна UDC
942 ## - Додаткові елементи входу (Коха)
Тип елемента Koha Книги
Source of classification or shelving scheme Universal Decimal Classification
955 ## - Код типу видання за змістом
Код типу видання за змістом (НП) інше
Фонди
Стан вилучень Стан втрат Джерело класифікації або схеми стелажів Стан уражень Не для кредиту Постійне місце розташування Поточне розміщення Дата придбання Джерело придбання Вартість, звичайна ціна покупки Інвентарний номер Усього замовленно Повний номер виклику Штрих-код Дата останнього перегляду Ціна ефективна від Тип елемента Koha
    Universal Decimal Classification     АБ - Абонемент НБ АБ - Абонемент НБ 25/05/2005 85/2005 6.00 85633   821.112.2 В26 85633 12/04/2022 25/05/2005 Книги